Acceso al poder versus ejercicio del poder: democracia y patrimonialismo en América Latina /
Guardado en:
| Hovedforfatter: | |
|---|---|
| Format: | Texto |
| Tags: |
Tilføj Tag
Ingen Tags, Vær først til at tagge denne postø!
|
MARC
| LEADER | 00000 a a2200000 04500 | ||
|---|---|---|---|
| 001 | 18914 | ||
| 003 | |||
| 040 | |||
| 100 | |a Mazzuca, Sebastián | ||
| 245 | |a Acceso al poder versus ejercicio del poder: |b democracia y patrimonialismo en América Latina / |c Sebastián Mazzuca | ||
| 773 | |g número 245; páginas 49-75 | ||
| 999 | |c 39899 |d 39899 | ||
